[Event "GRE-ch U14"]
[Site "Achaia"]
[Date "2017.06.28"]
[Round "4"]
[White "Abelakiotis, Stavros"]
[Black "Tsarsitalidis, Konstantinos"]
[Result "1/2-1/2"]
[WhiteElo "1861"]
[BlackElo "1574"]
[PlyCount "128"]
[EventDate "2017.06.26"]
[EventType "swiss"]
[EventRounds "9"]
[EventCountry "GRE"]
[SourceTitle "EXT 2018"]
[Source "ChessBase"]
[SourceDate "2017.10.13"]
[SourceVersion "1"]
[SourceVersionDate "2017.10.13"]
[SourceQuality "1"]

1. e4 c5 2. Nf3 d6 3. Bb5+ Bd7 4. Bxd7+ Qxd7 5. c4 Nf6 6. Nc3 Nc6 7. d4 cxd4 8. Nxd4 g6 9. f3 Bg7 10. Be3 0-0 11. 0-0 Rac8 12. b3 Nxd4 13. Bxd4 Nh5 14. Rc1 e6 15. Qd2 a6 16. Rfd1 Rc6 17. Bxg7 Nxg7 18. e5 Rd8 19. Ne4 Ne8 20. Qd4 d5 21. cxd5 Qxd5 22. Rxc6 bxc6 23. Qxd5 cxd5 24. Nc5 a5 25. Nb7 Ra8 26. Rc1 Kf8 27. a4 Ra7 28. Nc5 Ke7 29. Kf2 Nc7 30. Ke3 Kd8 31. Kd4 Na6 32. Nd3 Rb7 33. Rc3 Nb4 34. Nc5 Nc6+ 35. Kd3 Nxe5+ 36. Kd2 Rc7 37. Re3 Rxc5 38. Rxe5 Kd7 39. f4 Kd6 40. Kd3 Rc1 41. Re2 Kc5 42. Kd2 Rf1 43. Ke3 Rb1 44. Rc2+ Kd6 45. Rc3 Rb2 46. Kf3 d4 47. Rc8 Rxb3+ 48. Ke4 f5+ 49. Kxd4 Rb4+ 50. Ke3 Rxa4 51. Rh8 Ra2 52. Kf3 h5 53. Rh6 a4 54. Rxg6 a3 55. Rg8 Ra1 56. Ra8 a2 57. Kg3 Kd5 58. Ra4 Kc5 59. h3 Kb5 60. Ra8 Kc4 61. Kh4 Kb3 62. Rb8+ Kc3 63. Ra8 Kb3 64. Rb8+ Kc3 1/2-1/2